00261nam a2200109Ia 4500008004100000082001200041082000800053245006500061245000800126260000800134300000900142231017s9999 xx 000 0 und d a624.257 bACI 0aAnalysis and design of reinforced concrete bridge structures 0cACI bACI c30cm